| 000 | 00640nam a22001937a 4500 | ||
|---|---|---|---|
| 003 | OSt | ||
| 005 | 20240909133415.0 | ||
| 008 | 240909b ||||| |||| 00| 0 eng d | ||
| 040 | _cAIMIT LIBRARY | ||
| 100 |
_aMenezes, Sharyl. _e2216181 _9178956 |
||
| 245 |
_aCost volume profit analysis of prakash private ltd / _cBy Sharyl Menezes ; Guided by Divya Pereira. |
||
| 260 |
_aUdupi ; _c2024. |
||
| 650 |
_aReview of literature _9178957 |
||
| 650 |
_aResearch methodology _9178958 |
||
| 650 |
_aData analysis and interpretation _9178959 |
||
| 700 |
_aPereira, Divya. _eGuide _9178960 |
||
| 856 | _3Prakash Retail pvt ltd. | ||
| 942 |
_2ddc _cPRO |
||
| 999 |
_c231785 _d231785 |
||